Equipe de France - QCM - Statistiques

Statistiques générales
  • Ce quiz a été pris 204 fois
  • Le résultat moyen est 10 sur 15
Statistiques - réponses
Question Réponse % Correct
Et c'était contre... Gibraltar
91%
Le meilleur buteur de l'équipe de France est... Olivier Giroud
91%
Sur quel score la France s'est-elle imposée contre la Croatie en 2018 ? 4 - 2
88%
La plus large victoire a été sur le score de... 14 - 0
85%
Qui était le sélectionneur lors de la Coupe du Monde 1998 ? Aimé Jacquet
83%
Le joueur avec le plus de sélections est... Hugo Lloris
81%
Contre qui les Bleus ont ils ouvert l'EURO 2016 (1er match) La Roumanie
75%
Le joueur qui a marqué le dernier but lors de la finale contre le Brésil en 1998 est... Emmanuel Petit
74%
Quel joueur a marqué les 2 buts lors du match contre la Croatie en 1998 ? Lilian Thuram
72%
Qui ont été les buteurs lors de ce match ? Giroud - Payet
71%
Qui était le sélectionneur avant Didier Deschamps ? Laurent Blanc
69%
Quel score devait remonter la France lors du barrage retour contre l'Ukraine en 2013 ? 2 - 0
62%
Qui était le sélectionneur lors de l'EURO 2000 Roger Lemerre
50%
Contre qui a joué Mbappé pour sa 1ère sélection ? Luxembourg
26%
Qui est le plus jeune joueur de l'histoire des bleus ? Félix Vial
15%
Aucun quiz correspondant
Distribution des résultats
% des personnes avec chaque résultat
Percentile par nombre de réponses
Votre historique - résultats
Vous n’avez pas pris ce quiz